000 00611nam a2200205 4500
003 OSt
005 20240627065832.0
006 a
008 240627b |||||||| |||| 00| 0 eng d
020 _a9710870777
040 _aDWCL-Main lib.
_cOC
082 _aFil. 004 P422i 2010
100 _aPepito, Copernicus P.
245 _aIntroduction to computer fundamentals & information technology /
260 _aMandaluyong City :
_bNational Book Store,
_cc2010.
300 _axi,
_b316 p. : ill. ;
_c23 cm.
650 _a1. Computers.
650 _a2. Information technology.
942 _2ddc
_n0
_cBK - FIL
_kFil.
999 _c1510
_d1510